|
|
|
|
| LEADER |
00000nam0a2200000 4500 |
| 001 |
97318 |
| 005 |
20231031110858.0 |
| 035 |
|
|
|a (RuTPU)RU\TPU\book\104314
|
| 090 |
|
|
|a 97318
|
| 100 |
|
|
|a 20060525d1965 m y0rusy50 ca
|
| 101 |
0 |
|
|a rus
|
| 102 |
|
|
|a RU
|
| 105 |
|
|
|a a z 001zy
|
| 200 |
1 |
|
|a Переналаживаемое оборудование и автоматизированные цепочки станков для часто меняющихся объектов производства
|f М. П. Ковалев, В. И. Евстигнеев
|g под ред. С. В. Аврутина
|
| 210 |
|
|
|a Москва
|d 1965
|
| 215 |
|
|
|a 80 с.
|c ил.
|
| 320 |
|
|
|a Библиогр. в конце кн.
|
| 610 |
1 |
|
|a металлообработка
|
| 610 |
1 |
|
|a металлорежущие станки
|
| 610 |
1 |
|
|a автоматизация
|
| 610 |
1 |
|
|a переналаживание
|
| 610 |
1 |
|
|a производительность
|
| 610 |
1 |
|
|a повышение
|
| 610 |
1 |
|
|a универсальные станки
|
| 610 |
1 |
|
|a агрегатные станки
|
| 675 |
|
|
|a 621.91.01-52
|v 3
|
| 700 |
|
1 |
|a Ковалев
|b М. П.
|g Михаил Петрович
|
| 701 |
|
1 |
|a Евстигнеев
|b В. И.
|
| 702 |
|
1 |
|a Аврутин
|b С. В.
|4 340
|
| 801 |
|
1 |
|a RU
|b 63413507
|c 20060525
|g PSBO
|
| 801 |
|
2 |
|a RU
|b 63413507
|c 20070302
|g PSBO
|
| 942 |
|
|
|c BK
|